Разработка алгоритмов анализа временных рядов в медицинских задачах; Технологии Microsoft в теории и практике программирования

Λεπτομέρειες βιβλιογραφικής εγγραφής
Parent link:Технологии Microsoft в теории и практике программирования.— 2012.— [С. 94-96]
Κύριος συγγραφέας: Милешин А. А.
Συγγραφή απο Οργανισμό/Αρχή: Национальный исследовательский Томский политехнический университет (ТПУ)
Περίληψη:Заглавие с титульного листа.
The aim of this article is determining of existence of trends and rhythms in time series of medical data and discovering of trends in this data.
Γλώσσα:Ρωσικά
Έκδοση: 2012
Σειρά:Математическое моделирование и технологии высокопроизводительных вычислений
Θέματα:
Διαθέσιμο Online:http://www.lib.tpu.ru/fulltext/c/2012/C28/033.pdf
Μορφή: Ηλεκτρονική πηγή Κεφάλαιο βιβλίου
KOHA link:https://koha.lib.tpu.ru/cgi-bin/koha/opac-detail.pl?biblionumber=611364

MARC

LEADER 00000naa2a2200000 4500
001 611364
005 20231101132643.0
035 |a (RuTPU)RU\TPU\conf\9115 
035 |a RU\TPU\conf\9103 
090 |a 611364 
100 |a 20150310d2012 k y0rusy50 ca 
101 0 |a rus  |d eng 
102 |a RU 
105 |a y z 100zy 
135 |a drcn ---uucaa 
181 0 |a i  
182 0 |a b 
200 1 |a Разработка алгоритмов анализа временных рядов в медицинских задачах  |f А. А. Милешин 
203 |a Текст  |c электронный 
215 |a 1 файл (488 Кб) 
225 1 |a Математическое моделирование и технологии высокопроизводительных вычислений 
230 |a Электронные текстовые данные (1 файл : 488 Кб) 
300 |a Заглавие с титульного листа. 
320 |a [Библиогр.: с. 96 (2 назв.)] 
330 |a The aim of this article is determining of existence of trends and rhythms in time series of medical data and discovering of trends in this data. 
337 |a Adobe Reader 
463 1 |0 (RuTPU)RU\TPU\conf\61  |t Технологии Microsoft в теории и практике программирования  |o сборник трудов IX Всероссийской научно-практической конференции студентов, аспирантов и молодых ученых, 21-22 марта 2012 г., г.Томск  |f Национальный исследовательский Томский политехнический университет (ТПУ), Институт кибернетики ; отв. ред. А. Р. Вахитов  |v [С. 94-96]  |d 2012 
610 1 |a электронный ресурс 
610 1 |a труды учёных ТПУ 
610 1 |a алгоритмы 
610 1 |a анализ 
610 1 |a временные ряды 
610 1 |a медицинские данные 
610 1 |a экспоненциальное сглаживание 
610 1 |a биохимия 
700 1 |a Милешин  |b А. А. 
712 0 2 |a Национальный исследовательский Томский политехнический университет (ТПУ)  |c (2009- )  |2 stltpush  |3 (RuTPU)RU\TPU\col\15902 
801 2 |a RU  |b 63413507  |c 20150310  |g RCR 
856 4 |u http://www.lib.tpu.ru/fulltext/c/2012/C28/033.pdf 
942 |c BK